| 000 | 00399nam a2200169Ia 4500 | ||
|---|---|---|---|
| 005 | 20140402144409.0 | ||
| 008 | 140130s9999 xx 000 0 und d | ||
| 050 |
_aPZ 7 _b.Am513To 2010 |
||
| 245 |
_cAmes, Ruth _aThis totally bites |
||
| 260 |
_bScholastic, _c2010 |
||
| 300 |
_a184 p. : _c21 cm. |
||
| 440 |
_v1 _931174 |
||
| 521 | _aG5 | ||
| 526 | _c740 | ||
| 942 |
_cBK _2lcc |
||
| 999 |
_c41082 _d41082 |
||